Fostering Innovation in the Public Sector

Salvato in:
Dettagli Bibliografici
Natura: Libro
Lingua:inglese
Pubblicazione: Paris OECD 2017
Soggetti:
Tags: Aggiungi Tag
Nessun Tag, puoi essere il primo ad aggiungerne!!

MARC

LEADER 00000nam a2200000 4500
001 0241420
005 20221221133821.3
020 |a 978-92-64-27086-2 
041 0 |a eng 
044 |a FR 
245 1 0 |a Fostering Innovation in the Public Sector 
264 1 |a Paris  |b OECD  |c 2017 
300 |a 249 s. 
610 2 0 |a sektor verejný 
610 2 0 |a riadenie 
610 2 0 |a inovácia 
610 2 0 |a motivácia 
610 2 0 |a byrokracia 
610 2 0 |a bariéry inovačné 
610 2 0 |a regulácia 
610 2 0 |a modely 
610 2 0 |a riadenie ľudských zdrojov 
610 2 0 |a štúdie prípadové 
610 2 0 |a rozpočty 
610 2 0 |a organizácia 
610 2 0 |a riadenie rizík 
610 2 0 |a dáta 
610 2 0 |a informácie 
610 2 0 |a vedomosti